Estadísticas para POBLES DEL RIPOLLÈS

Haz click aquí para intentar la prueba.

Estadísticas generales

  • Esta prueba ha sido intentada 7 veces
  • La puntuación promedio es 11 de 19

Estadísticas de respuestas

INICIALMUNICIPI% Correcto
RRipoll
100%
CCampdevànol
80%
CCamprodon
80%
RRibes de Freser
80%
SSant Joan de les Abadesses
80%
SSetcases
80%
CCampelles
60%
GGombrèn
60%
OOgassa
60%
PPardines
60%
QQueralbs
60%
Lles Llosses
40%
LLlanars
40%
PPlanoles
40%
SSant Pau de Segúries
40%
TToses
40%
VVallfogona de Ripollès
40%
VVilallonga de Ter
40%
MMolló
20%

Distribución de puntuación

Porcentaje por número respondido

Porcentaje de gente con cada puntuación

Historial de tus puntuaciones

No has intentado esta prueba.